Countries with a Sign Language as an Official Language - Statistics

General Stats
  • This quiz has been taken 43 times
  • The average score is 3 of 6
Answer Stats
Answer % Correct
New Zealand
79%
Papua New Guinea
45%
South Korea
42%
Iceland
37%
Venezuela
24%
Zimbabwe
24%
No matching quizzes found
Score Distribution
Percent of People with Each Score
Percentile by Number Answered
Your Score History
You have not taken this quiz